The apostle Paul: (Record no. 5166)

000 -LEADER
fixed length control field 00610nam a2200181 a 4500
001 - CONTROL NUMBER
control field :::00002907$&:&@@
003 - CONTROL NUMBER IDENTIFIER
control field OkBaRHE
005 - DATE AND TIME OF LATEST TRANSACTION
control field 20110415115608.0
008 - FIXED-LENGTH DATA ELEMENTS--GENERAL INFORMATION
fixed length control field s1963 j 000 0 eng u
040 ## - CATALOGING SOURCE
Transcribing agency
100 1# - MAIN ENTRY--PERSONAL NAME
Personal name Leavell, Roland Quinche, 1891-1963.
245 14 - TITLE STATEMENT
Title The apostle Paul:
Remainder of title Christ's supreme trophy.
260 ## - PUBLICATION, DISTRIBUTION, ETC. (IMPRINT)
Place of publication, distribution, etc Grand Rapids, MI., :
Name of publisher, distributor, etc Baker Book House
Date of publication, distribution, etc c1963
300 ## - PHYSICAL DESCRIPTION
Extent 128 p. : illus. ;
Dimensions 23 cm.
650 ## - SUBJECT ADDED ENTRY--TOPICAL TERM
Topical term or geographic name as entry element Paul, Saint, apostle
942 ## - ADDED ENTRY ELEMENTS (KOHA)
Source of classification or shelving scheme
Koha item type Books
Copies
Not for loan Total Renewals Source of classification or shelving scheme Shelving location Date checked out Copy number Total Checkouts Date acquired Full call number Price effective from Permanent Location Barcode Koha item type Current Location Withdrawn status Lost status Damaged status Date last seen
 2 General Stacks2016-01-07122010-04-14BS 2505 .L3492010-04-14RHEMA Bible Training College2907BooksRHEMA Bible Training College   2018-03-16